书目信息 |
| 题名: |
实用药物手册
|
|
| 作者: | ;上海第一医学院儿科医院 编 | |
| 分册: | ||
| 出版信息: | 上海 上海科学技术出版社 1978 |
|
| 页数: | 755页 | |
| 开本: | 13cm | |
| 丛书名: | ||
| 单 册: | ||
| 中图分类: | R97-62 | |
| 科图分类: | ||
| 主题词: | 药物--手册 | |
| 电子资源: | ||
| ISBN: | ||
| 000 | 00694nam0 2200241 45 | |
| 001 | 0178000923 | |
| 005 | 20060805092551.48 | |
| 010 | @b塑精装@dCNY1.50 | |
| 091 | @a14119.1285 | |
| 100 | @a19950811d1978 em y0chiy0121 ea | |
| 101 | 0 | @achi |
| 102 | @aCN@b310000 | |
| 105 | @ay z 001yy | |
| 200 | 10 | @a实用药物手册@Ashi yong yao wu shou ce@f上海第一医学院儿科医院编 |
| 205 | @a2版 | |
| 210 | @a上海@c上海科学技术出版社@d1978 | |
| 215 | @a755页@d13cm | |
| 517 | 1 | @a药物手册@Ayao wu shou ce |
| 606 | @a药物@x手册 | |
| 690 | @aR97-62@v3 | |
| 711 | 02 | @a上海第一医学院儿科医院@Ashang hai di yi yi xue yuan er ke yi yuan@4编 |
| 801 | 0 | @aCN@bTSSF@c20060805 |
| 905 | @a10447@dR97-62@e37=2 | |
| 实用药物手册/上海第一医学院儿科医院编.-2版.-上海:上海科学技术出版社,1978 |
| 755页;13cm |
| ISBN (塑精装):CNY1.50 |
| ● |
| 相关链接 |
|
|
|
|
正题名:实用药物手册
索取号:R97-62/37=2
 
预约/预借
| 序号 | 登录号 | 条形码 | 馆藏地/架位号 | 状态 | 备注 |
| 1 | 0451522 | 204515220 | 密集书库/ [索取号:R97-62/37=2] | 在馆 | |
| 2 | 0451528 | 204515284 | 密集书库/ [索取号:R97-62/37=2] | 在馆 |